The case of the missing trophy / (Record no. 2248)
[ view plain ]
| 000 -LEADER | |
|---|---|
| fixed length control field | 00949cam a22002893a 4500 |
| 005 - DATE AND TIME OF LATEST TRANSACTION | |
| control field | 20231113154859.0 |
| 020 ## - INTERNATIONAL STANDARD BOOK NUMBER | |
| International Standard Book Number | 0439523257 (pbk.) |
| 040 ## - CATALOGING SOURCE | |
| Original cataloging agency | CQF |
| Transcribing agency | CQF |
| Modifying agency | OCLCQ |
| -- | DLC |
| Language of cataloging | eng |
| 082 ## - DEWEY DECIMAL CLASSIFICATION NUMBER | |
| Classification number | 813.6 |
| 100 1# - MAIN ENTRY--PERSONAL NAME | |
| Personal name | Medearis, Angela Shelf |
| Dates associated with a name | 1956- |
| 245 14 - TITLE STATEMENT | |
| Title | The case of the missing trophy / |
| Statement of responsibility, etc. | Angela Shelf Medearis ; illustrated by Robert Papp. |
| 250 ## - EDITION STATEMENT | |
| Edition statement | First printing, October 2004 |
| 260 ## - PUBLICATION, DISTRIBUTION, ETC. | |
| Place of publication, distribution, etc. | New York : |
| Name of publisher, distributor, etc. | Scholastic, |
| Date of publication, distribution, etc. | 2004 |
| 300 ## - PHYSICAL DESCRIPTION | |
| Extent | 135 pages : |
| Other physical details | illustrations |
| Dimensions | 20 cm |
| 505 0# - FORMATTED CONTENTS NOTE | |
| Formatted contents note | K |
| 520 ## - SUMMARY, ETC. | |
| Summary, etc. | The science fair trophy is missing and Cameron and his friends only have until Friday to find it. |
| 521 0# - TARGET AUDIENCE NOTE | |
| Target audience note | 580 |
| Source | Lexile |
| 521 1# - TARGET AUDIENCE NOTE | |
| Target audience note | K |
| Source | Raz-Plus |
| 650 #0 - SUBJECT ADDED ENTRY--TOPICAL TERM | |
| Topical term or geographic name entry element | Science fairs |
| Form subdivision | Juvenile fiction. |
| 655 #7 - INDEX TERM--GENRE/FORM | |
| Genre/form data or focus term | Children's stories. |
| Source of term | lcsh |
| 655 #7 - INDEX TERM--GENRE/FORM | |
| Genre/form data or focus term | Mystery fiction. |
| Source of term | gsafd |
| 700 1# - ADDED ENTRY--PERSONAL NAME | |
| Personal name | Papp, Robert |
| 700 1# - ADDED ENTRY--PERSONAL NAME | |
| Personal name | Illustrator |
| 906 ## - LOCAL DATA ELEMENT F, LDF (RLIN) | |
| a | 7 |
| b | cbc |
| c | copycat |
| d | 2 |
| e | ncip |
| f | 20 |
| g | y-genrareb |
| 942 ## - ADDED ENTRY ELEMENTS (KOHA) | |
| Source of classification or shelving scheme | Dewey Decimal Classification |
| Koha item type | Books |
| Suppress in OPAC | No |
| 999 ## - | |
| -- | 2248 |
| -- | 2248 |
| Withdrawn status | Lost status | Source of classification or shelving scheme | Damaged status | Not for loan | Collection | Home library | Current library | Shelving location | Date acquired | Total Checkouts | Full call number | Barcode | Date last seen | Price effective from | Koha item type |
|---|---|---|---|---|---|---|---|---|---|---|---|---|---|---|---|
| Dewey Decimal Classification | Juvenile Fiction | Footprints International School Library Network Toul Kork Campus | Footprints International School Library Network Toul Kork Campus | TK Primary Library Room(4th Floor), Bookcase 3&4, Shelves 17-32, Yellow Books | 11/13/2023 | MED 813.6 | FISTK00609 | 11/13/2023 | 11/13/2023 | Books |
